[Event "Hamburg St Pauli op-B"]
[Site "Hamburg"]
[Date "2011.07.13"]
[Round "6"]
[White "Beifus, David"]
[Black "Kaussmann, Jean David"]
[Result "0-1"]
[WhiteElo "1379"]
[BlackElo "1420"]
[PlyCount "88"]
[EventDate "2011.07.09"]
[EventType "swiss"]
[EventRounds "9"]
[EventCountry "GER"]
[SourceTitle "CBM 143 Extra"]
[Source "ChessBase"]
[SourceDate "2011.08.29"]
[SourceVersion "1"]
[SourceVersionDate "2011.08.29"]
[SourceQuality "1"]

1. e4 e6 2. d4 d5 3. e5 c5 4. Nf3 Nc6 5. Nc3 Qb6 6. Na4 Qa5+ 7. c3 cxd4 8. Nxd4 Nxe5 9. Bb5+ Bd7 10. Bxd7+ Nxd7 11. 0-0 Ngf6 12. b4 Qd8 13. Re1 Be7 14. Bg5 0-0 15. Qf3 Ne4 16. Bxe7 Qxe7 17. Re2 Qf6 18. Qe3 a6 19. f3 Nd6 20. Rae1 Nf5 21. Nxf5 Qxf5 22. g4 Qf6 23. f4 b5 24. g5 Qf5 25. Nb2 Rfc8 26. Qg3 Nf8 27. Nd1 a5 28. Ne3 Qd3 29. Rf2 Rxc3 30. bxa5 d4 31. f5 dxe3 32. Rf3 Qd2 33. Rfxe3 Rxe3 34. Rxe3 Rxa5 35. a3 b4 36. fxe6 fxe6 37. Rf3 Rxa3 38. h4 Ra1+ 39. Rf1 Rxf1+ 40. Kxf1 Qd1+ 41. Qe1 Qxe1+ 42. Kxe1 Kf7 43. Kd2 Kg6 44. Ke2 Kh5 0-1